000 00308nam a22001217a 4500
020 _a9788176222228
082 _a631.1
_bYAD/AG
100 _aYadav, S.N
_9334
245 _aAgricultural engineering: Fundamentals and applications
260 _aDelhi
_bBiotech Books
_c2011
300 _avii+260p.,
942 _cBK
999 _c13681
_d13681